| 000 | 00427nam a2200145Ia 4500 | ||
|---|---|---|---|
| 008 | 211109s9999||||xx |||||||||||||| ||und|| | ||
| 082 |
_a820 _bOTI-O |
||
| 100 | _aOtis, William Bradley | ||
| 245 | 0 | _aOut-Line History of English Literature | |
| 260 |
_bBarnes _aDelhi _c2008 |
||
| 300 | _a288p. | ||
| 630 | _xPost Graduate Reference | ||
| 650 |
_aliterature _venglish and old english literatures _xenglishEnglish |
||
| 942 | _cBOOK | ||
| 999 |
_c61305 _d61305 |
||